Score 0/9 Timer 02:00
0 Plays Today
% Correct
Marilyn Monroe
98.7%
Amelia Earhart
98%
Hillary Clinton
97%
J.K. Rowling
95.6%
Victoria Beckham
94.8%
Condoleezza Rice
92.8%
Oprah Winfrey
89.8%
Billie Holiday
88.1%
Martha Stewart
87.4%
Remove Ads.
Support Sporcle.
Get the best of Sporcle when you Go Orange. This ad-free experience offers more features, more stats, and more fun while also helping to support Sporcle. Thank you for becoming a member.

You're not logged in!

Compare scores with friends on all Sporcle quizzes.
OR
Log In

Show Comments

Extras

Top Quizzes Today


Score Distribution

Your Account Isn't Verified!

In order to create a playlist on Sporcle, you need to verify the email address you used during registration. Go to your Sporcle Settings to finish the process.

Report this User

Report this user for behavior that violates our Community Guidelines.

Details: